<?xml version="1.0" encoding="UTF-8"?>
<record
    xmlns:xsi="http://www.w3.org/2001/XMLSchema-instance"
    xsi:schemaLocation="http://www.loc.gov/MARC21/slim http://www.loc.gov/standards/marcxml/schema/MARC21slim.xsd"
    xmlns="http://www.loc.gov/MARC21/slim">

  <leader>02198nam a2200337Ia 4500</leader>
  <controlfield tag="001">H9518</controlfield>
  <controlfield tag="003">IT-RoPAU</controlfield>
  <controlfield tag="008">130308s9999    xx            000 0 und d</controlfield>
  <datafield tag="040" ind1=" " ind2=" ">
    <subfield code="a">IT-RoPAU</subfield>
  </datafield>
  <datafield tag="040" ind1=" " ind2=" ">
    <subfield code="c">IT-RoPAU</subfield>
  </datafield>
  <datafield tag="041" ind1=" " ind2=" ">
    <subfield code="a">ITALIANO</subfield>
  </datafield>
  <datafield tag="100" ind1=" " ind2=" ">
    <subfield code="a">Petersen Karen</subfield>
  </datafield>
  <datafield tag="100" ind1=" " ind2=" ">
    <subfield code="g">Codice Aut. SPICS: 59814</subfield>
  </datafield>
  <datafield tag="240" ind1=" " ind2=" ">
    <subfield code="a">WOMEN ARTISTS</subfield>
  </datafield>
  <datafield tag="240" ind1=" " ind2=" ">
    <subfield code="g">Codice Tit. Orig. Spics: T3837</subfield>
  </datafield>
  <datafield tag="245" ind1=" " ind2=" ">
    <subfield code="a">Donne artiste. Il ruolo della donna nella storia dell'arte dal Medioevo ai nostri giorni</subfield>
  </datafield>
  <datafield tag="245" ind1=" " ind2=" ">
    <subfield code="b">Donne Artiste. Il ruolo della donna nella storia dell'arte  dal Medioevo Ai Nostri Giorni</subfield>
  </datafield>
  <datafield tag="250" ind1=" " ind2=" ">
    <subfield code="a">1a ed.</subfield>
  </datafield>
  <datafield tag="260" ind1=" " ind2=" ">
    <subfield code="a">ROMA</subfield>
  </datafield>
  <datafield tag="260" ind1=" " ind2=" ">
    <subfield code="b">Savelli</subfield>
  </datafield>
  <datafield tag="260" ind1=" " ind2=" ">
    <subfield code="c">1978 [1&#xB0; Ed.:1978 - Ed.Ling.Originale:1976]</subfield>
  </datafield>
  <datafield tag="300" ind1=" " ind2=" ">
    <subfield code="a">"112 p. (prefazione: no ; testo: 112 [pagine: 0-0])"</subfield>
  </datafield>
  <datafield tag="500" ind1=" " ind2=" ">
    <subfield code="a">"A nostra Immagine. Medioevo. Dal Xv al XVII Secolo. XVIII  Secolo. XIX Secolo. forme nuove e Originali (1890 1920). momento Presente. Artiste: Sofonisba Anguissola; Artiste bolognesi Rossi, Fontana e Sirani; Gentileschi e Altre; De Ayala e Roldan; De Curt, Stella, Mollion e Cheron; Inglis e Teerling; Clara Peeters; Artiste fiamminghe e Olandesi; Catharina Van Hemessen; Judith Leyster; Maria Sibylla Merian; Maria Van Oosterwych; Rachel Ruysch; Angelica Kauffmann; Artiste Inglesi; Rosalba Carriera; Anna Dorothea Therbuschlisiewska; Elisabeth Vigee Leburun; Adelaide Labille Guiard; Anne Vallayer Coster; Marie Anne Collott; Mesdames Benoist, Charpentier; Davin, Mirvault;Prime Donne Artiste Americane; Ellen e Rolinda Sharples; Jane Stuart; Sarah Miriam Peale; Rosa Bonheur; Harriet Hosmer; Edmonia Lewis; Anne Whitney; Lily Martin Spencer; Berthe Morisot; Susanne Valadon; sorelle Gwen John; romaine Brooks; Florine Stettheimer; Seraphine De Senlis; Carrington; Vanessabell; Marie Laurencin; Gabriele Munter; Paula Modersohn Becker; Sonia Delaunay; Natalia Goncharova; Kathe Kollwitz; Barbara Hepworth; Georgia O'Keeffe; Louise Nevelson; Lois Mailou Jones; Surrealiste; Arte Femminista."</subfield>
  </datafield>
  <datafield tag="650" ind1=" " ind2=" ">
    <subfield code="a">SAGGI SULLE ARTI VISIVE</subfield>
  </datafield>
  <datafield tag="650" ind1=" " ind2=" ">
    <subfield code="e">Codice materia Spics: 5011</subfield>
  </datafield>
  <datafield tag="700" ind1=" " ind2=" ">
    <subfield code="a">Wilson J. J.</subfield>
  </datafield>
  <datafield tag="700" ind1=" " ind2=" ">
    <subfield code="g">Codice Aut. SPICS: 59815</subfield>
  </datafield>
  <datafield tag="942" ind1=" " ind2=" ">
    <subfield code="c">BK</subfield>
  </datafield>
  <datafield tag="957" ind1=" " ind2=" ">
    <subfield code="7">1</subfield>
  </datafield>
  <datafield tag="999" ind1=" " ind2=" ">
    <subfield code="c">90770</subfield>
    <subfield code="d">90770</subfield>
  </datafield>
  <datafield tag="999" ind1=" " ind2=" ">
    <subfield code="g">1</subfield>
  </datafield>
  <datafield tag="952" ind1=" " ind2=" ">
    <subfield code="0">0</subfield>
    <subfield code="1">0</subfield>
    <subfield code="4">0</subfield>
    <subfield code="6">H_000000000000000_9518</subfield>
    <subfield code="7">1</subfield>
    <subfield code="a">SPICS</subfield>
    <subfield code="b">SPICS</subfield>
    <subfield code="d">2013-03-08</subfield>
    <subfield code="l">0</subfield>
    <subfield code="o">H9518</subfield>
    <subfield code="r">2013-03-08 00:00:00</subfield>
    <subfield code="w">2013-03-08</subfield>
    <subfield code="y">BK</subfield>
    <subfield code="z">Progressivo inserimento:  22439 /  N. Volumi: 1 Copie: 1  / data import: 1 marzo 2013 - By Epidotti, Trombetti, Vaglietti. </subfield>
  </datafield>
</record>
